000 00998nam0a22002891 4500
001 RU\NLR\INFOCOMM_223\5000045526
005 20250613094032.0
035 _a(NLR Aleph) 009236680
090 _a8899609
_c8899609
100 _a20100629d1986 |||y0rusy50 ca
101 0 _aspa
102 _aRU
105 _ay ||||000|y
200 1 _aEl sionismo según sus líderes
_eDeclaraciones y realidades
_fLionel Dadiani
210 _aΜ.
_cEd. de la Agencia de prensa "Nóvosti"
_d1986
215 _a79 с.
_d16 см
300 _aВ вып. дан.: Сионизм устами его лидеров / Лионель Яковлевич Дадиани
320 _aБиблиогр.: с. 76-79
606 _aСионизм
_2nlr_sh1
686 _aТ3(9=Е)63-496
_2rubbk
700 1 _9z01790
_aDadiani
_bL. J.
_gLionel' Jakovlevič
_4070
790 1 _9z01700
_aDadiani
_bL.
_gLionel
_4070
801 1 _aRU
_bNLR
_c20100629
801 0 _aRU
_bNLR
_gPSBO
852 _aNLR
_jИ25 Д-2/516
942 _cBOOK
980 _aNB